000 01187aam a2200373 a 4500
001 54462
005 20230410101700.0
008 040525s2003 ht a b 000 0dfre d
010 _a 2005479251
035 _a(OCoLC)ocm55479475
040 _aBKL
_cBKL
_dDLC
020 _a9993522465 (pbk.)
020 _a9789993522461 (pbk.)
035 _a(OCoLC)55479475
042 _alccopycat
043 _anwht---
050 1 4 _a110 HS 572
_bM549h 2003
082 0 0 _a366.1097294
100 1 _aMentor, Gaetan.
245 1 0 _aHistoire de la franc-maconnerie en Haiti :
_bles fils noirs de la veuve /
_cGaetan Mentor.
246 3 0 _aFils noirs de la veuve
250 _a1a. ed.
260 _aPetionville, Haèiti :
_bGaetan Mentor,
_c2003.
300 _a304 p. :
_bill. ;
_c21 cm.
504 _aIncludes bibliographical references (p. 303-304).
610 2 0 _aFreemasons
_zHaiti
_xHistory.
650 0 _aFreemasonry
_zHaiti
_xHistory.
650 4 _aMasonería
_xHistoria
_zHaíti.
650 4 _aMasones
_xHistoria
_zHaíti.
856 4 2 _3Más?... busque en WorldCat (solo desde FUNGLODE)
_uwww.firstsearch.oclc.org/fsip
942 _2lcc
_cbk
946 _amfcruz
994 _aC0
_bDRFGD
999 _c12107
_d12107